000 00637nam a2200205 a 4500
001 000012129
005 20240412074230.0
008 091105s2003 dr 000 0 spa d
020 _a9993433748
040 _aDO-SdBNP
_bspa
_cBNPHU
082 _aRD863.44
_bD542n
100 1 _aDíaz, Pircilio
_928665
245 1 3 _aLa noche antes del día después y otros cuentos /
_cPircilio Díaz.
260 _aSanto Domingo :
_bMediabyte,
_c2003.
300 _a126 p. ;
_c21 cm.
590 _aInventariado, 2020/YL
650 0 _aCuentos dominicanos
_9176
650 0 _aLiteratura dominicana.
_967
910 _aValidado. Control de calidad MMOLINA
999 _c11794
_d11794